<?xml version="1.0" encoding="UTF-8"?>
<collection xmlns="http://www.loc.gov/MARC21/slim">
 <record>
  <leader>02055nam a2200217Ia 4500</leader>
  <controlfield tag="001">TDMU_40914</controlfield>
  <controlfield tag="008">210410s9999    xx            000 0 und d</controlfield>
  <datafield tag="082" ind1=" " ind2=" ">
   <subfield code="a">895.92209</subfield>
  </datafield>
  <datafield tag="090" ind1=" " ind2=" ">
   <subfield code="b">G207</subfield>
  </datafield>
  <datafield tag="100" ind1=" " ind2=" ">
   <subfield code="a">Geza, Gardonyi</subfield>
  </datafield>
  <datafield tag="245" ind1=" " ind2="0">
   <subfield code="a">Những ngôi sao Eger</subfield>
  </datafield>
  <datafield tag="245" ind1=" " ind2="0">
   <subfield code="c">Gardonyi Geza; Lê Xuân Giang (dịch)</subfield>
  </datafield>
  <datafield tag="260" ind1=" " ind2=" ">
   <subfield code="a">H.</subfield>
  </datafield>
  <datafield tag="260" ind1=" " ind2=" ">
   <subfield code="b">Dân trí; Công ty Văn hóa Đông Á</subfield>
  </datafield>
  <datafield tag="260" ind1=" " ind2=" ">
   <subfield code="c">2019</subfield>
  </datafield>
  <datafield tag="300" ind1=" " ind2=" ">
   <subfield code="a">625tr.</subfield>
  </datafield>
  <datafield tag="520" ind1=" " ind2=" ">
   <subfield code="a">Là tiểu thuyết nổi tiếng và được biết đến rộng rãi nhất của Hungary, Những ngôi sao Eger là bài ca bi tráng của nhân dân Hungary chống lại cuộc xâm lược của quân Thổ Nhĩ Kỳ. Tác phẩm kể về cuộc vây hãm ngôi thành Eger, nơi chỉ có độ hai ngàn dân, bị nguy khốn giữa đạo quân Thổ khổng lồ, đầy nhuệ khí trong sự thờ ơ không cứu viện của triều đình. Ngời sáng giữa những đau thương, mất mát là lòng dũng cảm, là trí tuệ phi thường, là tinh thần bất khuất của mỗi một con dân trong thành, từ người già đến thiếu niên, từ phụ nữ chân yếu tay mềm đến những người nông dân chưa quen tên đạn. Từng chi tiết của cuộc chiến được miêu tả tỉ mỉ, chính xác và sinh động, tái diễn lại dấu ấn lịch sử năm nào, đến nỗi gập trang sách lại vẫn còn như vang vọng tiếng đại bác, tiếng hô xung trận cùng lời thề quyết tử.</subfield>
  </datafield>
  <datafield tag="650" ind1=" " ind2=" ">
   <subfield code="a">Văn học cổ điển</subfield>
   <subfield code="v">Tiểu thuyết</subfield>
   <subfield code="z">Hungary; Văn học Hungary</subfield>
   <subfield code="x">Văn học cổ điển</subfield>
   <subfield code="v">Tiểu thuyết</subfield>
  </datafield>
  <datafield tag="700" ind1=" " ind2=" ">
   <subfield code="a">Lê, Xuân Giang</subfield>
  </datafield>
  <datafield tag="856" ind1=" " ind2=" ">
   <subfield code="u">http://lrc.tdmu.edu.vn/opac/search/detail.asp?aID=2&amp;ID=40914</subfield>
  </datafield>
  <datafield tag="980" ind1=" " ind2=" ">
   <subfield code="a">Trung tâm Học liệu Trường Đại học Thủ Dầu Một</subfield>
  </datafield>
 </record>
</collection>
